LIBRARY & INFORMATION CENTRE, KCAET, TAVANUR

ONLINE PUBLIC ACCESS CATALOGUE (OPAC)

Lokathil Socialisathinu Vendiyulla Samaram / (Record no. 878)

MARC details
000 -LEADER
fixed length control field 00346cam a2200121ua 4500
082 ## - DEWEY DECIMAL CLASSIFICATION NUMBER
Classification number 335
Item number FYO/LO
100 ## - MAIN ENTRY--AUTHOR NAME
Personal name Fyodorov, L .
245 ## - TITLE STATEMENT
Title Lokathil Socialisathinu Vendiyulla Samaram /
260 ## - PUBLICATION, DISTRIBUTION, ETC. (IMPRINT)
Place of publication Trivandrum :
Name of publisher Prabhatham Printing and Publishing Co. Pvt. Ltd. ,
Year of publication 1966.
300 ## - PHYSICAL DESCRIPTION
Number of Pages 156 ; .
700 1# - ADDED ENTRY--PERSONAL NAME
Personal name Minayev, L .
942 ## - ADDED ENTRY ELEMENTS (KOHA)
Koha item type Books
Holdings
Withdrawn status Lost status Damaged status Home library Current library Date acquired Full call number Accession Number Koha item type
Withdrawn     KAUAET Malayalam University 07/04/2012 335 11249 Books
free website counter